LEADER 01214nam a2200253 i 4500 001 000000140769 003 CaOOAMICUS 005 20050627000000.0 008 050627n it u000 u ita u 013 $a114970 040 $aSeMil$bita 100 1 $aBarelli, Celestina.$0(OLS)http://semarc/name/43573 245 10$aTeologia e spiritualitą del cuore di Cristo in Karl Rahner /$cStudente Suor Celestina Barelli ; Professore Don Franco Giulio Brambilla. 260 $a[S.l. :$bs.n.],$c[1988] 300 $a118 p. ;$c30 cm. 500 $aIn testa al front. : Facoltą Teologica dell'Italia Settentrionale, Milano. - Tesi di Baccalaureato. 650 4$aTesi di laurea.$0(OLS)http://semarc/subject/1690 650 4$aRahner, Karl - Cuore di Gesł - Tesi.$0(OLS)http://semarc/subject/27713 700 1 $aBrambilla, Franco Giulio,$c.$0(OLS)http://semarc/name/13164 850 $aSeMil 852 $aSeMil$W1$xVenegono$y1$m4X II 41$j94072$B94072$CSeMilBibl$Z2$F99573 $8L 961 $aOmaggio: Altro 996 $6245$aTeologia e spiritualitą del cuore di Cristo in Karl Rahner$9(OLS)http://semarc/title/205686 996 $6260$a[S.l. :$bs.n.]$9(OLS)http://semarc/publisher/29751 LEADER 01550nam a2200301 4500 001 000000347965 003 CaOOAMICUS 005 20210930105801.0 008 210930s2014 be 000 u ita r 020 $a978-2-503-55146-3 040 $aSeMil$bita 041 0 $aita$alat 100 1 $aSalemme, Timothy.$0(OLS)http://semarc/name/114736 245 10$aDocumenti pontifici nel tabularium dell'abbazia cistercense di Chiaravalle Milanese (da Innocenzo 2. a Clemente 5.) /$cTimothy Salemme ; ont participé ą la publication de ce volume : Nicolangelo D'Acunto ... [et al.]. 264 1$aTurnhout :$bBrepols,$c2014. 300 $a356 p. ;$c24 cm 490 1 $aArtem ;$v22 650 4$aSanta Sede - Bolle pontificie.$0(OLS)http://semarc/subject/785 650 4$aCistercensi - Italia - Lombardia - Medioevo.$0(OLS)http://semarc/subject/51000 650 4$aMilano - Abbazia di Chiaravalle - Documenti pontifici - Medioevo.$0(OLS)http://semarc/subject/50999 700 1 $aD'Acunto, Nicolangelo,$d<1966- >.$0(OLS)http://semarc/name/46125 830 0$aArtem ;$v22.$0(OLS)http://semarc/title/437282 850 $aSeMil 852 $aSeMil$W1$xVenegono$y1$m3A VI 320$j229325$B239007$CSeMilBibl$Z2$F239007 $81 996 $6020$a978-2-503-55146-3$9(OLS)http://semarc/number/294183 996 $6245$aDocumenti pontifici nel tabularium dell'abbazia cistercense di Chiaravalle Milanese (da Innocenzo 2. a Clemente 5.)$9(OLS)http://semarc/title/437281 996 $6264$aTurnhout :$bBrepols$9(OLS)http://semarc/publisher/29626